000 00654nam a2200277Ia 4500
005 20260121124642.0
008 008 260114s9999 xx 000 0 eng d
020 _a9780231558150
037 _aEBOOK
040 _aCRL
040 _beng
040 _cCRL
041 _2eng
041 _aeng
084 _qCRL
100 _aAkins, Harrison
_9979647
245 4 _aThe Terrorism Trap
260 _bWalter de Gruyter
260 _bWalter de Gruyter
260 _c2023
650 _aPolitical Science
_9979648
856 _uhttp://www.degruyter.com/isbn/9780231558150
942 _cEBOOK
999 _c1556189
_d1556189